• 首页
  • 本馆介绍
  • 公告通知
  • 最新文献
  • 馆藏检索
  • 电子资源
  • 读者导购
  • 参考咨询
  • 我的图书馆
  • 登录
  • 详细信息显示
  • 放入我的书架
  • 预约/预借图书
  • 作者相关作品
  • 分类相关作品
  • 丛书相关作品
  • 出版社相关作品

书目信息

  • 表格格式
  • 工作单格式
  • 卡片格式
题名:
室内装饰工程制图与识图
    
 
作者: 陈小青 主编
分册:  
出版信息: 北京   化学工业出版社  2015.03
页数: 173页
开本: 26cm
丛书名:
单 册:
中图分类: TU238 , TU204.21
科图分类:
主题词: 室内装饰设计--shi nei zhuang shi she ji--计算机辅助设计--AutoCAD软件 , 室内装饰设计--shi nei zhuang shi she ji--建筑制图--识图
电子资源:
ISBN: 978-7-122-22944-1
000 01013nam0 2200253 450
001 0106081802
005 20201106082043.0
010    @a978-7-122-22944-1@dCNY38.00
100    @a20150712e20192015em y0chiy50 ea
101 0  @achi
102    @aCN@b110000
105    @aa z 000yy
106    @ar
200 1  @a室内装饰工程制图与识图@Ashi nei zhuang shi gong cheng zhi tu yu shi tu@f陈小青主编
210    @a北京@c化学工业出版社@d2015.03@h2019.02
215    @a173页@c图@d26cm
330    @a本书针对现代室内装饰工程制图与识图的要求,将AutoCAD知识、技能与制图基本知识充分结合,对内容予以精选,省略了复杂的分析过程,采用大量案例、实例,从而使读者在实践过程中掌握室内装饰设计工程制图的全过程。
606 0  @a室内装饰设计@Ashi nei zhuang shi she ji@x计算机辅助设计@xAutoCAD软件
606 0  @a室内装饰设计@Ashi nei zhuang shi she ji@x建筑制图@x识图
690    @aTU238@v5
690    @aTU204.21@v5
701  0 @a陈小青@Achen xiao qing@c(建筑)@4主编
801  0 @aCN@bBJSZM@c20201106
905    @b1191412-5@dTU238@e1649@f4
    
    室内装饰工程制图与识图/陈小青主编.-北京:化学工业出版社,2015.03(2019.02)
    173页:图;26cm
    
    
    ISBN 978-7-122-22944-1:CNY38.00
    本书针对现代室内装饰工程制图与识图的要求,将AutoCAD知识、技能与制图基本知识充分结合,对内容予以精选,省略了复杂的分析过程,采用大量案例、实例,从而使读者在实践过程中掌握室内装饰设计工程制图的全过程。
●
相关链接 在E读中查询图书 在五车中查询图书 在当当中查询图书 在豆瓣中查询图书


正题名:室内装饰工程制图与识图     索取号:TU238/1649         预约/预借

序号 登录号 条形码 馆藏地/架位号 状态 备注
1 1191412   211914124   第二样本阅览室/ [索取号:TU238/1649] 在馆    
2 1191413   211914133   第三借阅区/ [索取号:TU238/1649] 在馆    
3 1191414   211914142   第三借阅区/ [索取号:TU238/1649] 在馆    
4 1191415   211914151   第三借阅区/ [索取号:TU238/1649] 在馆    
唐山师范学院图书馆 欢迎您!
大连网信软件有限公司© 版权所有